[Event "Plovdiv BUL, 34th Tringov Mem"]
[Site "Plovdiv BUL"]
[Date "2012.02.01"]
[Round "5.18"]
[White "Dimitrov, Radoslav"]
[Black "Ljangov, Petar"]
[Result "1-0"]
[WhiteElo "2437"]
[BlackElo "2105"]
[PlyCount "89"]
[EventDate "2012.01.29"]
[EventType "swiss"]
[EventRounds "9"]
[EventCountry "BUL"]

1. b3 Nf6 2. Bb2 e6 3. Nf3 c5 4. e3 Be7 5. Be2 O-O 6. O-O d6 7. c4 b6 8. Nc3
Bb7 9. d4 a6 10. a3 Nbd7 11. b4 d5 12. dxc5 bxc5 13. b5 dxc4 14. Bxc4 Nb6 15.
Be2 axb5 16. Bxb5 Qxd1 17. Rfxd1 Nbd5 18. a4 Nxc3 19. Bxc3 Nd5 20. Bb2 Bf6 21.
Bxf6 gxf6 22. Rdc1 Rfc8 23. Nd2 Ba6 24. Bxa6 Rxa6 25. a5 f5 26. g3 Nf6 27. Nc4
Nd7 28. Rd1 Rc7 29. Rab1 Kf8 30. Rb5 Ke7 31. Kg2 Raa7 32. Rdb1 Nf6 33. Rb8 Ne8
34. R1b6 f6 35. a6 Kd7 36. f4 Ke7 37. Kf2 Rd7 38. Na5 Rd2+ 39. Kf3 Rad7 40.
R8b7 Nd6 41. Nc6+ Ke8 42. a7 Ne4 43. a8=Q+ Rd8 44. Qxd8+ Rxd8 45. Nxd8 1-0

[Event "Plovdiv BUL, 34th Tringov Mem"]
[Site "Plovdiv BUL"]
[Date "2012.02.01"]
[Round "5.19"]
[White "Milchev, Nikolay"]
[Black "Sirkova, Darena"]
[Result "1-0"]
[WhiteElo "2434"]
[BlackElo "2086"]
[PlyCount "43"]
[EventDate "2012.01.29"]
[EventType "swiss"]
[EventRounds "9"]
[EventCountry "BUL"]

1. d4 Nf6 2. Nf3 d5 3. g3 c6 4. Bg2 g6 5. O-O Bg7 6. c4 O-O 7. Qb3 Na6 8. cxd5
cxd5 9. Nc3 h6 10. Bf4 e6 11. Be5 b6 12. Rfc1 Bb7 13. Nb5 Ne8 14. a4 f6 15. Bf4
g5 16. Bd2 Nd6 17. Be1 Re8 18. e3 Bf8 19. Nd2 Qd7 20. Bf1 Rec8 21. Rc3 Bc6 22.
Nxd6 1-0

[Event "Plovdiv BUL, 34th Tringov Mem"]
[Site "Plovdiv BUL"]
[Date "2012.02.01"]
[Round "5.20"]
[White "Dodic, Dragan"]
[Black "Enchev, Ivajlo"]
[Result "0-1"]
[WhiteElo "2159"]
[BlackElo "2430"]
[PlyCount "96"]
[EventDate "2012.01.29"]
[EventType "swiss"]
[EventRounds "9"]
[EventCountry "BUL"]

1. d4 Nf6 2. c4 e6 3. Nc3 Bb4 4. Qc2 c5 5. dxc5 O-O 6. a3 Bxc5 7. Nf3 b6 8. Bg5
Bb7 9. e3 h6 10. Bh4 Be7 11. Be2 d6 12. O-O a6 13. Rac1 Nbd7 14. Rfd1 Qc7 15.
e4 Rac8 16. b4 Rfd8 17. Qb1 Qb8 18. h3 Nf8 19. Nd2 Ng6 20. Bg3 Ne5 21. f4 Ng6
22. Bf3 Bc6 23. Qb3 b5 24. Kh2 h5 25. Kh1 h4 26. Bh2 Qb7 27. Re1 Qa8 28. Rc2
Nf8 29. Bg1 N8d7 30. Bf2 Ne8 31. Ne2 e5 32. f5 Bg5 33. Be3 Bxe3 34. Qxe3 Nef6
35. cxb5 axb5 36. Rec1 Qb7 37. Nb3 Qa6 38. Na5 Ba8 39. Rxc8 Rxc8 40. Rxc8+ Qxc8
41. Nc3 d5 42. exd5 e4 43. Bxe4 Qe8 44. Nc6 Nh5 45. Kg1 Ndf6 46. Qd4 Ng3 47.
Ne5 Nfxe4 48. Nxe4 Ne2+ 0-1

[Event "Plovdiv BUL, 34th Tringov Mem"]
[Site "Plovdiv BUL"]
[Date "2012.02.01"]
[Round "5.21"]
[White "Ibryamov, Ilhan"]
[Black "Indjic, Aleksandar"]
[Result "1/2-1/2"]
[WhiteElo "2115"]
[BlackElo "2427"]
[PlyCount "157"]
[EventDate "2012.01.29"]
[EventType "swiss"]
[EventRounds "9"]
[EventCountry "BUL"]

1. d4 Nf6 2. c4 c5 3. d5 e6 4. Nc3 exd5 5. Nxd5 Nxd5 6. Qxd5 Nc6 7. e3 d6 8.
Nf3 Be6 9. Qd1 Be7 10. Bd2 O-O 11. Bc3 a6 12. Bd3 d5 13. cxd5 Qxd5 14. Qc2 Qh5
15. Be2 Qg6 16. Qxg6 hxg6 17. O-O f6 18. Rfd1 Kf7 19. b3 Rac8 20. Rac1 b5 21.
Nd2 Nb4 22. Bxb4 cxb4 23. Nf3 Rc3 24. Rxc3 bxc3 25. Rc1 Rc8 26. Nd4 Ba3 27. Rc2
Bf5 28. Nxf5 gxf5 29. Bd3 Ke6 30. Kf1 Bb2 31. Ke2 g6 32. h3 Kd5 33. Kd1 Kc5 34.
Re2 Kb4 35. Kc2 Ka3 36. e4 fxe4 37. Rxe4 Rc6 38. Re2 f5 39. Kb1 Rd6 40. Bc2 f4
41. h4 Rf6 42. Re4 f3 43. g3 Rd6 44. Re3 Rd2 45. Rxf3 Re2 46. Rd3 Rxf2 47. Rd1
Rg2 48. Bxg6 Rxg3 49. h5 Rh3 50. Rf1 Rh2 51. Re1 Kb4 52. Re4+ Ka3 53. Re1 Kb4
54. Re4+ Kc5 55. Re5+ Kd4 56. Re4+ Kd5 57. Re1 Ba3 58. Rd1+ Kc5 59. Rf1 Kb4 60.
Re1 Ka5 61. Rf1 Bc5 62. Rd1 Kb4 63. Bc2 Rxh5 64. Rf1 Rh2 65. Rd1 Be3 66. Rf1
Ka3 67. Rd1 a5 68. Rf1 a4 69. Rd1 Kb4 70. Re1 Bd4 71. Rd1 Bc5 72. Rf1 Ka5 73.
Rd1 Rf2 74. Re1 Ba3 75. Rh1 Rg2 76. Rf1 Rg5 77. bxa4 bxa4 78. Rf5+ Rxf5 79.
Bxf5 1/2-1/2

[Event "Plovdiv BUL, 34th Tringov Mem"]
[Site "Plovdiv BUL"]
[Date "2012.02.01"]
[Round "5.22"]
[White "Asparuhov, Parvan"]
[Black "Kukov, Velislav"]
[Result "1/2-1/2"]
[WhiteElo "2103"]
[BlackElo "2414"]
[PlyCount "165"]
[EventDate "2012.01.29"]
[EventType "swiss"]
[EventRounds "9"]
[EventCountry "BUL"]

1. e4 c6 2. d4 d5 3. exd5 cxd5 4. Bd3 Nc6 5. c3 Nf6 6. Bf4 Bg4 7. Qb3 Qc8 8.
Nd2 e6 9. Ngf3 Be7 10. O-O O-O 11. Ne5 Nxe5 12. Bxe5 Bh5 13. Qc2 Bg6 14. Bxg6
hxg6 15. Bxf6 gxf6 16. Rae1 b5 17. Qd3 Kg7 18. f4 f5 19. a3 Qc7 20. Rb1 a6 21.
g3 Rac8 22. Nf3 Qc4 23. Qe3 a5 24. Rfc1 Ra8 25. b3 Qc7 26. Ra1 Rfc8 27. Ne5 Bd6
28. Nd3 Qe7 29. a4 Ba3 30. Rc2 bxa4 31. bxa4 Rab8 32. Qe1 Rb3 33. Ne5 Qa7 34.
Nf3 Qc7 35. Rb1 Rxc3 36. Rxc3 Qxc3 37. Qe5+ Kg8 38. Rb8 Bf8 39. Rxc8 Qxc8 40.
Qe2 Qc6 41. Qd1 f6 42. h4 Kf7 43. Kg2 Bb4 44. Kh3 Ke7 45. Kg2 Qc4 46. Kg1 Qa2
47. Kf1 Bc3 48. Kg1 Qa1 49. Qxa1 Bxa1 50. Kf2 Kd6 51. Ke3 e5 52. fxe5+ Ke6 53.
exf6 Kxf6 54. Kd3 Bb2 55. Ne5 Ba3 56. g4 fxg4 57. Nxg4+ Kf5 58. Ne3+ Ke6 59.
Ng2 Bd6 60. Ke3 Kf5 61. Kf3 Be7 62. Nf4 Bxh4 63. Nxd5 Bg5 64. Nb6 Bd8 65. Nc4
Bc7 66. Ne3+ Ke6 67. Ke4 g5 68. d5+ Kf6 69. Ng4+ Ke7 70. Ne3 Kd6 71. Kf5 Kc5
72. Kxg5 Kd4 73. Nc2+ Kxd5 74. Kf5 Bb6 75. Na3 Bc7 76. Nb5 Bb8 77. Na3 Kd4 78.
Ke6 Kc5 79. Nc2 Kc4 80. Kd7 Ba7 81. Kc6 Bf2 82. Kb7 Kc3 83. Ka6 1/2-1/2

[Event "Plovdiv BUL, 34th Tringov Mem"]
[Site "Plovdiv BUL"]
[Date "2012.02.01"]
[Round "5.23"]
[White "Nikolov, Jordan"]
[Black "Piscopo, Pierluigi"]
[Result "0-1"]
[WhiteElo "2097"]
[BlackElo "2386"]
[PlyCount "78"]
[EventDate "2012.01.29"]
[EventType "swiss"]
[EventRounds "9"]
[EventCountry "BUL"]

1. e4 c5 2. c3 d5 3. exd5 Qxd5 4. d4 Nc6 5. Nf3 Bg4 6. Be2 Nf6 7. O-O e6 8. h3
Bh5 9. Na3 cxd4 10. Nb5 Qd7 11. Nbxd4 Bxf3 12. Nxf3 Qxd1 13. Rxd1 Bc5 14. Bg5
h6 15. Bxf6 gxf6 16. Bb5 Ke7 17. Rd2 Rhd8 18. Rad1 Rxd2 19. Rxd2 Rc8 20. a4 a6
21. Be2 f5 22. Kf1 Rc7 23. g4 fxg4 24. hxg4 Kf6 25. Ne1 Ne5 26. Kg2 Ng6 27. Kg3
Ke7 28. Ng2 Bd6+ 29. f4 Rc5 30. Kf3 h5 31. gxh5 Rxh5 32. Kg4 Bxf4 33. Nxf4 Rh4+
34. Kg5 Rxf4 35. Bd3 Rf3 36. Be4 Rg3+ 37. Kh5 f5 38. Bxb7 Kf6 39. Rh2 Nf4+ 0-1

[Event "Plovdiv BUL, 34th Tringov Mem"]
[Site "Plovdiv BUL"]
[Date "2012.02.01"]
[Round "5.24"]
[White "Mladenov, Plamen"]
[Black "Okilj, Tigran"]
[Result "1-0"]
[WhiteElo "2384"]
[BlackElo "2078"]
[PlyCount "63"]
[EventDate "2012.01.29"]
[EventType "swiss"]
[EventRounds "9"]
[EventCountry "BUL"]

1. e4 d6 2. d4 Nf6 3. Nc3 g6 4. f4 Bg7 5. Nf3 c5 6. Bb5+ Bd7 7. e5 Ng4 8. e6
Bxb5 9. exf7+ Kf8 10. Nxb5 Qa5+ 11. Nc3 cxd4 12. Nxd4 Kxf7 13. O-O Qc5 14. Qxg4
Bxd4+ 15. Kh1 Bxc3 16. bxc3 Qf5 17. Qe2 Rc8 18. Bb2 Nc6 19. Rae1 Rc7 20. c4 Na5
21. g4 Qd7 22. f5 g5 23. f6 e5 24. Qd3 Qc6+ 25. Kg1 Rh8 26. Bxe5 dxe5 27. Rxe5
h6 28. Re7+ Rxe7 29. fxe7+ Kxe7 30. Re1+ Kf7 31. Qf5+ Kg8 32. Re6 1-0

[Event "Plovdiv BUL, 34th Tringov Mem"]
[Site "Plovdiv BUL"]
[Date "2012.02.02"]
[Round "6.1"]
[White "Tadic, Branko"]
[Black "Cheparinov, Ivan"]
[Result "1-0"]
[WhiteElo "2487"]
[BlackElo "2659"]
[PlyCount "77"]
[EventDate "2012.01.29"]
[EventType "swiss"]
[EventRounds "9"]
[EventCountry "BUL"]

1. Nf3 Nf6 2. c4 g6 3. g3 Bg7 4. Bg2 O-O 5. O-O d6 6. d4 Nc6 7. Nc3 a6 8. Bd2
Rb8 9. Rc1 Bd7 10. b3 b5 11. d5 Na5 12. Nxb5 Nxc4 13. bxc4 axb5 14. cxb5 Rxb5
15. Nd4 Rxd5 16. Bxd5 Nxd5 17. Nc6 Qa8 18. Qc2 f5 19. a4 e6 20. a5 Kh8 21. Qc4
Bc8 22. Rfe1 Bb7 23. Rc2 h6 24. Qb5 Ba6 25. Qa4 Qe8 26. Qh4 Kh7 27. Rb1 g5 28.
Bxg5 f4 29. Rbc1 Qg6 30. Bd8 Bb7 31. Rc4 Ba6 32. R4c2 Bb7 33. Rc4 Ba6 34. Ne7
Nxe7 35. Bxe7 Rf7 36. Rxc7 Bd4 37. Bxd6 Bxf2+ 38. Kxf2 fxg3+ 39. Kg1 1-0

[Event "Plovdiv BUL, 34th Tringov Mem"]
[Site "Plovdiv BUL"]
[Date "2012.02.02"]
[Round "6.2"]
[White "Georgiev, Kiril"]
[Black "Antic, Dejan"]
[Result "1-0"]
[WhiteElo "2658"]
[BlackElo "2504"]
[PlyCount "93"]
[EventDate "2012.01.29"]
[EventType "swiss"]
[EventRounds "9"]
[EventCountry "BUL"]

1. d4 e6 2. c4 Bb4+ 3. Bd2 Bxd2+ 4. Qxd2 Nf6 5. g3 d5 6. Bg2 O-O 7. Nf3 c6 8.
O-O Nbd7 9. Rc1 b6 10. cxd5 cxd5 11. Na3 Bb7 12. Ne5 Nxe5 13. dxe5 Nd7 14. f4
a6 15. Nc2 Rc8 16. Nd4 Qe7 17. a3 Rfd8 18. e3 Nc5 19. Qb4 Qc7 20. Bf1 a5 21.
Qe1 a4 22. Qb4 Ra8 23. Bb5 Rdc8 24. Rc3 Qd8 25. Rac1 g6 26. R3c2 Kg7 27. Be2
Ba6 28. Bxa6 Rxa6 29. Nxe6+ fxe6 30. Rxc5 bxc5 31. Qb7+ Qc7 32. Qxa6 Qc6 33.
Qxc6 Rxc6 34. e4 Kf7 35. Kf2 Rb6 36. exd5 Rxb2+ 37. Ke3 exd5 38. Rxc5 Rxh2 39.
Rxd5 Ra2 40. Rd3 Ke6 41. Ke4 h5 42. Rd6+ Kf7 43. Rd7+ Kf8 44. e6 Re2+ 45. Kd5
Re3 46. Kd6 Ke8 47. Rg7 1-0

[Event "Plovdiv BUL, 34th Tringov Mem"]
[Site "Plovdiv BUL"]
[Date "2012.02.02"]
[Round "6.3"]
[White "Lilov, Valeri"]
[Black "Spasov, Vasil"]
[Result "0-1"]
[WhiteElo "2411"]
[BlackElo "2570"]
[PlyCount "124"]
[EventDate "2012.01.29"]
[EventType "swiss"]
[EventRounds "9"]
[EventCountry "BUL"]

1. c4 g6 2. Nc3 Bg7 3. g3 Nf6 4. Bg2 O-O 5. d3 d6 6. e4 c5 7. Nge2 Nc6 8. O-O
Bg4 9. f3 Bd7 10. Be3 a6 11. Qd2 Rb8 12. Rad1 b5 13. b3 Ne8 14. Bh6 Qa5 15.
Bxg7 Nxg7 16. g4 Qd8 17. Kh1 e5 18. Qh6 f6 19. Nd5 Rf7 20. h3 Ne6 21. f4 exf4
22. Nexf4 Ne5 23. Nxe6 Bxe6 24. Rf2 Bxd5 25. exd5 bxc4 26. dxc4 Qf8 27. Qd2 Kg7
28. Rdf1 Qe7 29. Qc3 Qc7 30. Rf4 Rbf8 31. Be4 Qe7 32. Bg2 Qd8 33. Be4 Rh8 34.
Rg1 Re8 35. Rgf1 Ref8 36. Bg2 f5 37. gxf5 Rxf5 38. Qg3 Rxf4 39. Rxf4 Rxf4 40.
Qxf4 Qf6 41. Qd2 h5 42. Qa5 h4 43. Qxa6 Nf3 44. Bxf3 Qxf3+ 45. Kg1 Qg3+ 46. Kf1
Qxh3+ 47. Ke2 Qg2+ 48. Kd3 Qg3+ 49. Ke4 h3 50. Qb7+ Kh6 51. Qc8 Qg2+ 52. Kf4
g5+ 53. Ke3 Qg3+ 54. Ke2 Qg2+ 55. Ke3 Kh5 56. Qe8+ Kh4 57. Qh8+ Kg3 58. Qf6 Kh2
59. a4 Kg1 60. Qa1+ Qf1 61. Qg7 Qf4+ 62. Ke2 h2 0-1

[Event "Plovdiv BUL, 34th Tringov Mem"]
[Site "Plovdiv BUL"]
[Date "2012.02.02"]
[Round "6.6"]
[White "Benidze, Davit"]
[Black "Grigorov, Grigor"]
[Result "1/2-1/2"]
[WhiteElo "2516"]
[BlackElo "2491"]
[PlyCount "112"]
[EventDate "2012.01.29"]
[EventType "swiss"]
[EventRounds "9"]
[EventCountry "BUL"]

1. Nf3 Nf6 2. d4 e6 3. g3 c5 4. Bg2 cxd4 5. Nxd4 d5 6. O-O e5 7. Nb3 Be6 8. Bg5
Nbd7 9. Nc3 h6 10. Bxf6 Nxf6 11. e3 Bb4 12. Qd3 O-O 13. Rad1 e4 14. Qd4 Qb6 15.
Na4 Qxd4 16. Rxd4 Bd6 17. Nac5 Rac8 18. Nxe6 fxe6 19. Rd2 Be5 20. c3 Kf7 21.
Nd4 g5 22. Rc1 Rc5 23. Bh3 g4 24. Bf1 Rfc8 25. Rdc2 Bxd4 26. exd4 R5c7 27. c4
Kg6 28. Rc3 Kf5 29. cxd5 Rxc3 30. bxc3 exd5 31. c4 dxc4 32. Rxc4 Rd8 33. Rc5+
Rd5 34. Rc7 Rd7 35. Rxd7 Nxd7 36. Bc4 Nf8 37. Bg8 b5 38. Kf1 Ne6 39. Bh7+ Kf6
40. Ke2 Nxd4+ 41. Ke3 Ke5 42. Bxe4 a5 43. Bb7 b4 44. Kd3 b3 45. axb3 Nxb3 46.
f4+ gxf3 47. Bxf3 Nd4 48. Bd1 Nf5 49. Ba4 Nd4 50. Ke3 Ne6 51. Kf3 Nc5 52. Bc2
a4 53. Bxa4 Nxa4 54. Kg4 Kf6 55. Kh5 Kg7 56. g4 Nc5 1/2-1/2

[Event "Plovdiv BUL, 34th Tringov Mem"]
[Site "Plovdiv BUL"]
[Date "2012.02.02"]
[Round "6.7"]
[White "Radulski, Julian"]
[Black "Mladenov, Plamen"]
[Result "0-1"]
[WhiteElo "2570"]
[BlackElo "2384"]
[PlyCount "76"]
[EventDate "2012.01.29"]
[EventType "swiss"]
[EventRounds "9"]
[EventCountry "BUL"]

1. e4 d6 2. d4 Nf6 3. Nc3 g6 4. Be2 Bg7 5. Nf3 O-O 6. O-O c6 7. h3 Nbd7 8. Bg5
Qa5 9. a4 e5 10. dxe5 dxe5 11. Qd6 Qc5 12. Qd2 Qb4 13. Qe3 Re8 14. Nd2 Nc5 15.
Nd1 Ne6 16. c3 Qa5 17. Nc4 Qc7 18. Bxf6 Bxf6 19. Bg4 Bg5 20. Qf3 h5 21. Bxe6
Bxe6 22. Nde3 b5 23. axb5 cxb5 24. Na5 Rad8 25. Nd5 Bxd5 26. exd5 e4 27. Qd1 e3
28. fxe3 Bxe3+ 29. Kh1 Bb6 30. Nc6 Qd6 31. Qf3 Rd7 32. Rae1 Rxe1 33. Rxe1 Bc7
34. Kg1 Kg7 35. Rd1 Qh2+ 36. Kf1 Rd6 37. Ke2 Rf6 38. Qe4 Rf4 0-1

[Event "Plovdiv BUL, 34th Tringov Mem"]
[Site "Plovdiv BUL"]
[Date "2012.02.02"]
[Round "6.8"]
[White "Filev, Georgi"]
[Black "Petkov, Vladimir"]
[Result "1-0"]
[WhiteElo "2349"]
[BlackElo "2519"]
[PlyCount "159"]
[EventDate "2012.01.29"]
[EventType "swiss"]
[EventRounds "9"]
[EventCountry "BUL"]

1. e4 e5 2. Nf3 Nc6 3. Bb5 a6 4. Ba4 Nf6 5. O-O Be7 6. Re1 b5 7. Bb3 d6 8. c3
O-O 9. h3 Nb8 10. d4 Nbd7 11. Nbd2 Bb7 12. Bc2 Re8 13. Nf1 Bf8 14. Ng3 g6 15.
a4 Bg7 16. Bd3 c6 17. b3 Qc7 18. Qc2 Rad8 19. Bb2 d5 20. dxe5 dxe4 21. Nxe4
Nxe4 22. Bxe4 Nxe5 23. c4 bxc4 24. bxc4 Qa5 25. Red1 Qc5 26. Nxe5 Bxe5 27. Bxe5
Qxe5 28. Bf3 Qc5 29. Rxd8 Rxd8 30. Rd1 Re8 31. Qc3 a5 32. Qb2 Bc8 33. Qf6 Be6
34. Rd8 Rxd8 35. Qxd8+ Kg7 36. Qc7 Bxc4 37. Bxc6 Bb3 38. Qd7 Qc3 39. Kh2 Qe5+
40. g3 Qc5 41. Kg2 h5 42. h4 Be6 43. Qb7 Qd4 44. Qb5 Qc3 45. Bd5 Bc8 46. Qe8
Qc7 47. Qe3 Bf5 48. Qd4+ Kg8 49. Qf6 Qd7 50. Bc6 Qd3 51. Qe5 Qd8 52. Bd5 Qd7
53. Qb8+ Kh7 54. Qb5 Qc7 55. Bc6 Kg7 56. Qc4 Qe5 57. Bd5 Qe7 58. Qc3+ Kh7 59.
Qxa5 Qe5 60. Qa8 Bd3 61. Qb7 Kh6 62. a5 f6 63. Qa8 g5 64. Qh8+ Kg6 65. Qg8+ Kh6
66. Qf8+ Kg6 67. Bf7+ Kf5 68. Qc8+ Ke4 69. Qe8 Qxe8 70. Bxe8 gxh4 71. gxh4 Be2
72. Bc6+ Kf4 73. Bb7 Kg4 74. a6 Bxa6 75. f3+ Kxh4 76. Bxa6 Kg5 77. Kg3 h4+ 78.
Kh3 Kf4 79. Bb7 Kg5 80. Bc6 1-0

[Event "Plovdiv BUL, 34th Tringov Mem"]
[Site "Plovdiv BUL"]
[Date "2012.02.02"]
[Round "6.9"]
[White "Voiska, Margarita"]
[Black "Popchev, Milko"]
[Result "1/2-1/2"]
[WhiteElo "2325"]
[BlackElo "2463"]
[PlyCount "22"]
[EventDate "2012.01.29"]
[EventType "swiss"]
[EventRounds "9"]
[EventCountry "BUL"]

1. Nf3 Nf6 2. d4 e6 3. c4 Bb4+ 4. Bd2 Qe7 5. Nc3 Bxc3 6. Bxc3 Ne4 7. Rc1 Nxc3
8. Rxc3 O-O 9. g3 d6 10. Bg2 Nc6 11. O-O e5 1/2-1/2

[Event "Plovdiv BUL, 34th Tringov Mem"]
[Site "Plovdiv BUL"]
[Date "2012.02.02"]
[Round "6.10"]
[White "Stanojoski, Zvonko"]
[Black "Nenkov, Ljudmil"]
[Result "1-0"]
[WhiteElo "2455"]
[BlackElo "2297"]
[PlyCount "71"]
[EventDate "2012.01.29"]
[EventType "swiss"]
[EventRounds "9"]
[EventCountry "BUL"]

1. e4 c5 2. Nf3 d6 3. d4 cxd4 4. Nxd4 Nf6 5. Nc3 a6 6. g3 e6 7. Bg2 Be7 8. O-O
O-O 9. h3 Bd7 10. b3 Nc6 11. Nde2 Rc8 12. Bb2 b5 13. a3 Qb6 14. Kh2 Rc7 15. f4
Rfc8 16. Qd2 a5 17. g4 Qb8 18. g5 Ne8 19. Nd1 Bf8 20. Ne3 a4 21. b4 Ne7 22.
Rac1 Bc6 23. Nd4 Qb7 24. Nxc6 Rxc6 25. f5 d5 26. fxe6 Rxe6 27. exd5 Rg6 28. c4
bxc4 29. Nxc4 Rxc4 30. Rxc4 Nd6 31. Rg4 Nef5 32. Qd3 Qc8 33. Be4 Nxe4 34. Qxe4
Nd6 35. Qe5 h5 36. Rg2 1-0

[Event "Plovdiv BUL, 34th Tringov Mem"]
[Site "Plovdiv BUL"]
[Date "2012.02.02"]
[Round "6.11"]
[White "Mogilarov, Dimitar"]
[Black "Dimitrov, Radoslav"]
[Result "0-1"]
[WhiteElo "2189"]
[BlackElo "2437"]
[PlyCount "64"]
[EventDate "2012.01.29"]
[EventType "swiss"]
[EventRounds "9"]
[EventCountry "BUL"]

1. e4 c5 2. d4 cxd4 3. c3 dxc3 4. Nxc3 Nc6 5. Nf3 e6 6. Bc4 a6 7. O-O Nf6 8.
Qe2 d6 9. Rd1 Qc7 10. Bf4 Ne5 11. Bb3 Be7 12. Rac1 Qb8 13. Nd4 O-O 14. h3 Bd7
15. Be3 Rc8 16. f4 Nc6 17. Nf3 Na5 18. e5 Nxb3 19. axb3 Ne8 20. exd6 Nxd6 21.
Ne5 Be8 22. Na4 Rxc1 23. Rxc1 Bxa4 24. bxa4 Qe8 25. b3 Rc8 26. Rd1 f6 27. Nd3
Ne4 28. Bd4 Qc6 29. Re1 f5 30. Nf2 Bh4 31. Rd1 Bxf2+ 32. Bxf2 Nc3 0-1

[Event "Plovdiv BUL, 34th Tringov Mem"]
[Site "Plovdiv BUL"]
[Date "2012.02.02"]
[Round "6.12"]
[White "Bukal, Vladimir Jr"]
[Black "Yordanov, Nikolay Plamenov"]
[Result "1-0"]
[WhiteElo "2434"]
[BlackElo "2290"]
[PlyCount "127"]
[EventDate "2012.01.29"]
[EventType "swiss"]
[EventRounds "9"]
[EventCountry "BUL"]

1. d4 d5 2. c4 c6 3. Nf3 Nf6 4. Qc2 dxc4 5. Qxc4 Bf5 6. g3 e6 7. Bg2 Be7 8. O-O
O-O 9. e3 Nbd7 10. Rd1 Qc7 11. Nc3 e5 12. e4 Be6 13. Qe2 Bg4 14. Be3 exd4 15.
Bxd4 Bc5 16. h3 Bxd4 17. Rxd4 Bxf3 18. Qxf3 Ne5 19. Qe2 Rad8 20. Rxd8 Rxd8 21.
f4 Nd3 22. e5 Ne8 23. Ne4 Qb6+ 24. Kh2 Nc5 25. Nc3 Ne6 26. f5 Nd4 27. Qf2 Qc7
28. Re1 g6 29. f6 a6 30. h4 Ne6 31. Bh3 Nf8 32. Qe3 b5 33. Rf1 b4 34. Na4 Rd5
35. e6 Qe5 36. Qxe5 Rxe5 37. e7 Ne6 38. Rf2 h5 39. Nb6 Nc5 40. Nd7 Nd3 41. Nxe5
Nxf2 42. Bd7 Nxf6 43. e8=Q+ Nxe8 44. Bxe8 Kg7 45. Nxc6 Nd3 46. b3 a5 47. Nxa5
Nc1 48. Kg2 Nxa2 49. Bb5 f6 50. Nc6 g5 51. Bd3 Kf7 52. Bb1 Nc3 53. Bc2 gxh4 54.
gxh4 Nd5 55. Be4 Nc3 56. Kf3 Na2 57. Ke3 Ke6 58. Kd4 f5 59. Bf3 Kd6 60. Kc4 Nc1
61. Nxb4 Nxb3 62. Kxb3 Ke5 63. Bxh5 Kf4 64. Bd1 1-0

[Event "Plovdiv BUL, 34th Tringov Mem"]
[Site "Plovdiv BUL"]
[Date "2012.02.02"]
[Round "6.13"]
[White "Petrov, Vladimir Sergeev"]
[Black "Milchev, Nikolay"]
[Result "0-1"]
[WhiteElo "1939"]
[BlackElo "2434"]
[PlyCount "74"]
[EventDate "2012.01.29"]
[EventType "swiss"]
[EventRounds "9"]
[EventCountry "BUL"]

1. e4 Nf6 2. Nc3 e5 3. Nf3 Bb4 4. Nxe5 O-O 5. Be2 Re8 6. Nd3 Bxc3 7. dxc3 Nxe4
8. Nf4 d6 9. O-O Nd7 10. c4 a5 11. a4 Ndc5 12. f3 Ng5 13. b3 Qf6 14. Rb1 c6 15.
Nd3 Bf5 16. Qd2 Qd4+ 17. Kh1 h6 18. Bb2 Qh4 19. Nf4 Nge6 20. Nxe6 Rxe6 21. Bd3
Bxd3 22. cxd3 Rae8 23. g3 Qh5 24. Rf2 Re3 25. Qxa5 Qg6 26. Rbf1 Nxd3 27. Rd2 c5
28. Qc7 Re2 29. Rxe2 Rxe2 30. Bc3 Qf5 31. Qd8+ Kh7 32. Qf8 f6 33. Qxd6 Nf2+ 34.
Rxf2 Rxf2 35. Qd1 Rxf3 36. Be1 Rxb3 37. Qe2 Rb2 0-1

[Event "Plovdiv BUL, 34th Tringov Mem"]
[Site "Plovdiv BUL"]
[Date "2012.02.02"]
[Round "6.14"]
[White "Enchev, Ivajlo"]
[Black "Valkov, Vladimir"]
[Result "1-0"]
[WhiteElo "2430"]
[BlackElo "2002"]
[PlyCount "87"]
[EventDate "2012.01.29"]
[EventType "swiss"]
[EventRounds "9"]
[EventCountry "BUL"]

1. d4 c5 2. d5 e5 3. e4 d6 4. c4 g6 5. h3 Bg7 6. Nc3 Ne7 7. Nf3 Nd7 8. Bd3 O-O
9. g4 a6 10. Qc2 h6 11. a3 g5 12. h4 f6 13. h5 Rf7 14. Be3 Nf8 15. Nh2 Bd7 16.
b4 b6 17. Ke2 Nc8 18. Rhb1 Be8 19. Nf1 Rfa7 20. Ng3 Qc7 21. Rb2 Bd7 22. f3 Ne7
23. Rab1 Bc8 24. Qd1 Rb7 25. bxc5 bxc5 26. Rxb7 Bxb7 27. Qb3 Rb8 28. Nf5 Nxf5
29. exf5 Nd7 30. Qa4 Bf8 31. Ne4 Be7 32. Bd2 Qc8 33. Ba5 Ba8 34. Rxb8 Nxb8 35.
Bc2 Nd7 36. Qb3 Bb7 37. Qb2 Kf7 38. Ba4 Ke8 39. Qb6 Kf7 40. Nxd6+ Bxd6 41. Qxd6
Nf8 42. Bd8 Nh7 43. Be8+ Kg8 44. Qe7 1-0

[Event "Plovdiv BUL, 34th Tringov Mem"]
[Site "Plovdiv BUL"]
[Date "2012.02.02"]
[Round "6.15"]
[White "Piscopo, Pierluigi"]
[Black "Dobrev, Nayden"]
[Result "1/2-1/2"]
[WhiteElo "2386"]
[BlackElo "2256"]
[PlyCount "62"]
[EventDate "2012.01.29"]
[EventType "swiss"]
[EventRounds "9"]
[EventCountry "BUL"]

1. e4 c5 2. Nf3 e6 3. d4 cxd4 4. Nxd4 a6 5. Bd3 Qc7 6. O-O Nf6 7. Qe2 d6 8. f4
Nbd7 9. Kh1 b6 10. Nc3 Bb7 11. Bd2 h5 12. Rae1 h4 13. Qf3 Qc5 14. b4 Qh5 15.
Qh3 Qg4 16. Qxg4 Nxg4 17. h3 Ngf6 18. b5 a5 19. Nc6 Nc5 20. Bc4 Rc8 21. f5 Nfd7
22. fxe6 fxe6 23. Nd4 Ke7 24. Bg5+ Nf6 25. e5 dxe5 26. Rxe5 Kf7 27. Nxe6 Kg6
28. Nf4+ Kh7 29. Bxf6 gxf6 30. Rh5+ Kg7 31. Rxh8 Kxh8 {...} 1/2-1/2

[Event "Plovdiv BUL, 34th Tringov Mem"]
[Site "Plovdiv BUL"]
[Date "2012.02.02"]
[Round "6.16"]
[White "Janev, Evgeni"]
[Black "Vlashki, Nino"]
[Result "0-1"]
[WhiteElo "2503"]
[BlackElo "2235"]
[PlyCount "64"]
[EventDate "2012.01.29"]
[EventType "swiss"]
[EventRounds "9"]
[EventCountry "BUL"]

1. e4 e6 2. d4 d5 3. Nd2 c5 4. exd5 Qxd5 5. dxc5 Bxc5 6. Ngf3 Nf6 7. Bd3 O-O 8.
O-O b6 9. Qe2 Bb7 10. c4 Qh5 11. Ne4 Nxe4 12. Bxe4 Nc6 13. Rd1 Rae8 14. Rd7 f5
15. Bc2 Ba8 16. Bd2 e5 17. Ba4 Qg6 18. Rd5 Re7 19. Bg5 e4 20. Bxc6 exf3 21.
Qxf3 Bxc6 22. Bxe7 Bxe7 23. Re1 Bc5 24. a3 Bxd5 25. Qxd5+ Qf7 26. Re6 a5 27. g3
h6 28. h4 Kh8 29. Kg2 f4 30. g4 f3+ 31. Kh3 Bxf2 32. Qe5 Bd4 0-1

[Event "Plovdiv BUL, 34th Tringov Mem"]
[Site "Plovdiv BUL"]
[Date "2012.02.02"]
[Round "6.17"]
[White "Nikolova, Adriana"]
[Black "Arsovic, Zoran"]
[Result "1/2-1/2"]
[WhiteElo "2296"]
[BlackElo "2441"]
[PlyCount "96"]
[EventDate "2012.01.29"]
[EventType "swiss"]
[EventRounds "9"]
[EventCountry "BUL"]

1. e4 c5 2. c3 e6 3. d4 d5 4. exd5 exd5 5. Nf3 Nc6 6. Bb5 Bd6 7. dxc5 Bxc5 8.
O-O Nf6 9. Bg5 Be6 10. Nbd2 Bb6 11. Nb3 O-O 12. Nbd4 Nxd4 13. Nxd4 h6 14. Bh4
g5 15. Bg3 Ne4 16. f3 Nxg3 17. hxg3 Qf6 18. Ba4 Rac8 19. Bb3 Kh8 20. Qd2 Rg8
21. Rae1 Bc7 22. Kf2 Bb6 23. Qe3 Bc7 24. Rh1 Rge8 25. Qd3 Kg7 26. Re2 Bd7 27.
Rxe8 Rxe8 28. Bc2 Rh8 29. Rd1 Qe5 30. Ne2 Bb6+ 31. Kf1 a6 32. Qxd5 Qe3 33. Nd4
Rd8 34. Bd3 Be6 35. Qe4 Bxd4 36. cxd4 Qxe4 37. Bxe4 Bxa2 38. Bxb7 Bc4+ 39. Kg1
Rb8 40. Bc6 Rxb2 41. d5 Bb3 42. Rd3 Bc4 43. Rd4 Bb5 44. Bxb5 Rxb5 45. d6 Rb8
46. d7 Rd8 47. g4 a5 48. Kf2 a4 1/2-1/2

[Event "Plovdiv BUL, 34th Tringov Mem"]
[Site "Plovdiv BUL"]
[Date "2012.02.02"]
[Round "6.18"]
[White "Bruno, Fabio"]
[Black "Todorov, Ognjan"]
[Result "1-0"]
[WhiteElo "2439"]
[BlackElo "2294"]
[PlyCount "67"]
[EventDate "2012.01.29"]
[EventType "swiss"]
[EventRounds "9"]
[EventCountry "BUL"]

1. d4 d5 2. Nf3 Nf6 3. e3 Bg4 4. c4 dxc4 5. Bxc4 e6 6. Qb3 Bxf3 7. gxf3 Nbd7 8.
Nc3 Nb6 9. Be2 Be7 10. f4 O-O 11. Bf3 c6 12. Bd2 a5 13. a3 a4 14. Qa2 Nbd5 15.
e4 Nxc3 16. bxc3 b5 17. O-O Nd7 18. Rfd1 Nb6 19. Bg4 Qd7 20. Be2 f5 21. f3 Kh8
22. Kh1 Rfb8 23. Rg1 Bd6 24. Rg2 Rc8 25. Re1 Qe7 26. Bd3 Rf8 27. Be3 Bxa3 28.
Reg1 Rf7 29. d5 exd5 30. Bxb6 fxe4 31. fxe4 dxe4 32. Bxe4 Raf8 33. Bd4 Qxe4 34.
Qxa3 1-0